00790nam a2200205 a 450000100100000000500170001000800410002702000150006804000250008310000340010824500790014226000940022130000270031549000220034250400550036450000680041950400270048771000480051483000220056200004039120201002034113.0130823s2002 mx 000 0 spa d a9683690299 aDO-SdBNPbspacBNPHU1 aRíos Estavillo, Juan José10aDerechos de las trabajadores domésticos /cJuan José Ríos Estavillo. aMéxico :bUniversidad Nacional Autónoma de México :bCámara de Diputados;,c2002. a53 p. :bil. ;c22 cm.1 aNuestros derechos aPrimera reimpresión de la segunda edición 2002 aIncluye datos biográficos de los autores en la contracubierta aBibliografía : p. 532 aUniversidad Nacional Autónoma de México 0aNuestros derechos